000 00291nam a22001337a 4500
008 170829b xxu||||| |||| 00| 0 eng d
020 _a10170
041 _aeng
080 _210TH
_a070
100 _a39
101 _aMED
245 _aCOMMUNICATING EFFECTIVELY
_cHYBELS.S
942 _2udc
_cBK
999 _c25322
_d25322